000 00748nam a22001817a 4500
003 OSt
005 20240903153029.0
008 240903b ||||| |||| 00| 0 eng d
040 _cAIMIT LIBRARY
100 _aMonteiro, Marlyn Lavisha.
_e2216099
_9178624
245 _aAnalysing the impact of covid 19 on revenue growth and financial performance of campco limited /
_cBy Marlyn Lavisha Monteiro ; Guided by Dhananjaya K.
260 _aMangaluru ;
_c2024.
650 _aIndustry profile company profile introduction to the study
_9178625
650 _aResearch methodology
_9178626
700 _aK Dhananjaya.
_eGuide
_9178627
856 _3Centralarecanut and cocoa marketing and processing co operative limited
_uwww.campco.org
942 _2ddc
_cPRO
999 _c231720
_d231720